| 000 | 00431cam a2200181ua 4500 | ||
|---|---|---|---|
| 020 | _c38.00 | ||
| 041 |
_aeng _h |
||
| 082 |
_a621.822 _bALL/RO |
||
| 100 | _aAllan, R K . | ||
| 245 |
_aRolling bearings / _cR K Allan. _hTextual Documents |
||
| 250 |
_a2 / _b. |
||
| 260 |
_aLondon : _bSir Isaac Pitman & Sons Ltd , _c1960. |
||
| 300 | _a401 ; . | ||
| 365 | _a38.00 | ||
| 504 | _a | ||
| 942 | _cBK | ||
| 999 |
_c9252 _d9252 |
||